000
00330 a2200109 4500
001
ART_39597
005
20260410162000.0
008
260409a
245
1
0
_a
¿Un paso posterior a la departamentalización?
100
1
_a
Faggionatto, Federico E.
773
0
_t
Propuestas
_g
- Año 4, Nº 7 (oct. 1998)
_w
REV28258
999
_c
31217
_d
31217